| 000 | 00474nam a22001697a 4500 | ||
|---|---|---|---|
| 003 | OSt | ||
| 005 | 20221005162936.0 | ||
| 008 | 221005b |||||||| |||| 00| 0 eng d | ||
| 020 | _a980-07-6667-7 | ||
| 040 | _cBiblioteca Lado V | ||
| 082 |
_a750 _bJ61t |
||
| 100 |
_966 _aJimenez, Ariel _eartista |
||
| 245 | _aLa tentación de la pureza/ | ||
| 260 |
_aCaracas _bFundación Cisneros _c2000 |
||
| 300 |
_a36p. _c14x22cm |
||
| 942 |
_2ddc _c1 _h750 _iJ61t _n0 |
||
| 999 |
_c2176 _d2176 |
||